000 00811nam a22002657a 4500
001 BR7503823
003 BR-BrBNA
005 20230928084829.0
007 ta
008 230509b bl.||||| |||| 00| 0 por d
040 _aBR-BrBNA
_bpor
_cBiblioteca Nacional de Agricultura
041 _a(Por)
072 _aE10; D10
_b/G514
090 _ E10 BR7503823
110 1 _aSubsecretaria de Planejamento e Orcamento, Brasilia, DF (Brasil)
245 1 _aNormas de programacao e execucao, fluxos e atribuicoes, administracao direta [planejamento agricola, orcamento, Brasil]
260 3 _aBrasilia, DF (Brasil):
_c1975.
300 _a34 p.
500 _a8 illus.
650 _aPLANEJAMENTO AGRICOLA
650 _aORCAMENTO
650 _aADMINISTRACAO
909 _a202309
_bLucia
_c55
_dLucia Elande
942 _cBK
999 _c21343
_d21343